000 00804nam a2200253Ia 4500
003 OSt
005 20220918170253.0
006 a|||||r|||| 00| 0
007 ta
008 220917b |||||||| |||| 00| 0 eng d
020 _a9780140444346 (pbk)
_c250
024 _a240,191
037 _b05018, 23/09/2009, Atlantic Publisher & Dist.Pvt.Ltd.
_cTextual
040 _aARTS
_cARTS
_beng
041 _2eng
_aeng
082 _aO164,1F16,12, 111M4
100 _aAttar Farid Ud-Din
_928003
245 0 _aConference of the brids
260 _aNew York
_bPenguin USA
_c1984
300 _a234p.
_ccm.
650 _aENGLISH LITERATURE
942 _hO164,1F16,12, 111M4
_cTEXL
_2CC
999 _c133332
_d133332